000 00852cam a22001935a 4500
001 L155420
008 120321s1797 xxk f 000 0 eng d
035 _a(Sirsi) u155420
041 0 _aeng
100 1 _aYoung, Arthur
_d1741-1820
245 0 0 _aGeneral view of the agriculture of the county of Suffolk
_bdrawn up for the consideration of the Board of Agriculture and Internal Improvement. By the Secretary to the Board
260 _aLondon
_bprinted by B. Macmillan, for G. Nicol; and sold by G. G. and J. Robinson; J. Sewell; Cadell and Davies; W. Creech, Edinburgh; and John Archer, Dublin
_c1797
300 _a15, [1], 314, [2] p., plates
_bmap
_c8o
520 _aThe Secretary to the Board = Arthur Young.
583 _aCondition reviewed
_c20120620
_lcondition level 1
651 4 _aGreat Britain
_y1707-
690 _aRural
_96268
942 _n0
999 _c113559
_d113559